000
00259nam a22001217a 4500
008
181011b xxu||||| |||| 00| 0 eng d
041
_a
eng
080
_a
616.12
100
_a
7
101
_a
KAR
245
_a
Clinical Symposia
_c
Scheidt, S
942
_2
udc
_c
BK
999
_c
49445
_d
49445